000 01068nam a22004097a 4500
001 BR2010004265
003 BR-BrBNA
005 20230928103540.0
007 ta
008 230509b bl.||||| |||| 00| 0 por d
040 _aBR-BrBNA
_bpor
_cBiblioteca Nacional de Agricultura
041 _a(Por)
072 _aF30
_b0180
090 _ 0180 BR2010004265
100 1 _aBassoi, M.C.
100 1 _aRiede, C.R.
100 1 _aCampos, L.A.C.
100 1 _aTavares, L.C.V.
100 1 _aMiranda, L.C.
100 1 _aBeckert, O.P.
100 1 _aScheeren, P.L.
100 1 _aMiranda, M.Z. de
100 1 _aAzambuja, J.R.S. de
100 1 _aDengler, R.U.
110 1 _aEMBRAPA Soja, Londrina, PR (Brasil)
245 1 _aCultivares de trigo. Safra 2010
260 3 _aLondrina, PR (Brasil):
_c2010.
300 _a36 p.
500 _a14 illus.; 4 tables
650 _aVARIEDADE
650 _aTRIGO
650 _aRENDIMENTO
650 _aPRODUÇÃO VEGETAL
650 _aDOENÇA DE PLANTA
909 _a202309
_bLucia
_c55
_dLucia Elande
942 _cBK
999 _c75564
_d75564